| 000 | 00461nam a2200205 a 4500 | ||
|---|---|---|---|
| 001 | 22704 | ||
| 003 | SK-KTurca | ||
| 005 | 20260421143522.0 | ||
| 008 | 080129s1973 xo 000 0 slo d | ||
| 035 | _aa000387072 | ||
| 040 |
_aUKB _bslo _cUKB _eAACR2 |
||
| 041 | 1 |
_aslo _hnor |
|
| 044 |
_axo _cSK |
||
| 100 | 1 | _aUndsetová, Sigrid | |
| 245 | 1 | 0 | _aJar |
| 250 | _a1. vyd. | ||
| 260 |
_aBratislava _bTatran _c1973 |
||
| 300 | _a315 s. | ||
| 942 |
_2ddc _cKLDO _n0 |
||
| 999 |
_c22704 _d22704 |
||